[Event "Trophée Roza Lallemand 2013"]
[Site "VILLANDRY"]
[Date "2013.05.12"]
[Round "6.2"]
[White "Navrotescu, Andreea"]
[Black "Safranska, Anda"]
[Result "0-1"]
[WhiteElo "2150"]
[BlackElo "2370"]
[PlyCount "100"]
[EventDate "2013.??.??"]

1. d4 d6 2. Nf3 g6 3. c4 Bg7 4. g3 e5 5. Nc3 Nc6 6. d5 Nce7 7. Bg2 h6 8. e4 Nf6
9. O-O O-O 10. Ne1 Nd7 11. Nd3 Kh7 12. Be3 c5 13. dxc6 Nxc6 14. Nb5 Nb6 15.
Bxb6 Qxb6 16. Nxd6 Be6 17. c5 Qc7 18. b4 Nd4 19. f4 exf4 20. gxf4 f5 21. e5
Rab8 22. Kh1 a6 23. a4 Nc6 24. b5 Ne7 25. b6 Qd7 26. Nb4 Rfd8 27. Rc1 a5 28. c6
bxc6 29. Nxc6 Nxc6 30. Bxc6 Qe7 31. b7 Bf8 32. Qf3 Qg7 33. Rfd1 g5 34. Rc5 g4
35. Qg2 h5 36. Rxa5 h4 37. Rb5 Be7 38. a5 h3 39. Qf2 Bc4 40. Rb4 Bxd6 41. Rxc4
Be7 42. Rcd4 Rxd4 43. Rxd4 Qg6 44. Qc2 g3 45. Bd7 g2+ 46. Kg1 Kh6 47. Bxf5 Qa6
48. Bc8 Qa7 49. Qc3 Bc5 50. Qxc5 Qxc5 0-1

[Event "Trophée Roza Lallemand 2013"]
[Site "VILLANDRY"]
[Date "2013.05.12"]
[Round "6.3"]
[White "Leconte, Maria"]
[Black "Genzling, Sylvie"]
[Result "1-0"]
[WhiteElo "2290"]
[BlackElo "2120"]
[PlyCount "99"]
[EventDate "2013.??.??"]

1. e4 e6 2. d4 d5 3. Nc3 dxe4 4. Nxe4 Be7 5. Nf3 Nf6 6. Bd3 Nbd7 7. O-O O-O 8.
c3 b6 9. Qc2 h6 10. Be3 Bb7 11. Rad1 Rc8 12. Ne5 Nxe4 13. Bxe4 Bxe4 14. Qxe4
Nf6 15. Qc2 Bd6 16. Rd3 Qe7 17. Bf4 Bxe5 18. dxe5 Nd5 19. Bc1 f6 20. Rg3 Kh8
21. c4 Nb4 22. Qa4 c5 23. exf6 Rxf6 24. Qb3 Rcf8 25. Be3 Nc6 26. Qc3 e5 27. Qc1
Nd4 28. Re1 Qf7 29. Bxd4 exd4 30. f3 Rd6 31. Rg4 Rfd8 32. Qd2 Qxc4 33. Re7 Rg8
34. h4 Qxa2 35. Qf4 Qb1+ 36. Kh2 Rg6 37. h5 Rxg4 38. fxg4 d3 39. Rd7 Qxb2 40.
g5 d2 41. Rxd2 Qb4 42. Qf2 Qg4 43. gxh6 Qxh5+ 44. Kg1 Qxh6 45. Rd3 Qc1+ 46. Kh2
Re8 47. Qf7 Qh6+ 48. Rh3 Qxh3+ 49. Kxh3 Rg8 50. Qh5# 1-0

[Event "Trophée Roza Lallemand 2013"]
[Site "VILLANDRY"]
[Date "2013.05.12"]
[Round "6.4"]
[White "Montpeurt, Cyrielle"]
[Black "Fischer, Julie"]
[Result "1-0"]
[WhiteElo "2030"]
[BlackElo "2110"]
[PlyCount "47"]
[EventDate "2013.??.??"]

1. e4 c5 2. Nf3 g6 3. d4 cxd4 4. Nxd4 Bg7 5. Nc3 Nc6 6. Be3 Nf6 7. Nxc6 bxc6 8.
e5 Ng8 9. Bd4 Qa5 10. f4 f6 11. Qd2 fxe5 12. fxe5 Bxe5 13. O-O-O Nf6 14. Re1
Bxd4 15. Qxd4 Kf7 16. Bc4+ d5 17. Rhf1 Rf8 18. Nxd5 Be6 19. Rxe6 cxd5 20. Bxd5
Kg7 21. Rxe7+ Kh6 22. Qe3+ g5 23. Rxf6+ Rxf6 24. Qh3+ 1-0

[Event "Trophée Roza Lallemand 2013"]
[Site "VILLANDRY"]
[Date "2013.05.12"]
[Round "6.5"]
[White "Penalver, Marion"]
[Black "Wohlers-Armas, Friederike"]
[Result "0-1"]
[WhiteElo "2010"]
[BlackElo "2300"]
[PlyCount "82"]
[EventDate "2013.??.??"]

1. e4 c5 2. Nf3 d6 3. d4 cxd4 4. Nxd4 Nf6 5. Nc3 g6 6. Bc4 Bg7 7. Be3 O-O 8. f3
Nc6 9. Qd2 Bd7 10. O-O-O Qa5 11. Kb1 Ne5 12. Bb3 Rfc8 13. Bh6 Bh8 14. h4 b5 15.
h5 Nc4 16. Qd3 Rc5 17. hxg6 fxg6 18. f4 Rac8 19. f5 Ng4 20. fxg6 hxg6 21. Nd5
Nge5 22. Qg3 Rxd5 23. exd5 Qd8 24. Ne6 Bxe6 25. dxe6 Bf6 26. Bg5 Qf8 27. Qh4
Qg7 28. Rdf1 Bxg5 29. Qxg5 Nf3 30. Qc1 Nfd2+ 31. Ka1 Nxf1 32. Rxf1 Ne5 33. c3
a5 34. Qg5 a4 35. Bc2 b4 36. Be4 bxc3 37. bxc3 Rxc3 38. Rb1 Rc1 39. Qxc1 Nd3+
40. Rb2 Nxc1 41. Kb1 Qf8 0-1

[Event "Trophée Roza Lallemand 2013"]
[Site "VILLANDRY"]
[Date "2013.05.12"]
[Round "7.1"]
[White "Milliet, Sophie"]
[Black "Monpeurt, Cyrielle"]
[Result "1-0"]
[WhiteElo "2412"]
[BlackElo "2030"]
[PlyCount "133"]
[EventDate "2013.??.??"]

1. e4 e5 2. Nf3 Nc6 3. Bb5 a6 4. Ba4 Nf6 5. O-O Be7 6. Re1 b5 7. Bb3 O-O 8. h3
Bb7 9. d3 d5 10. exd5 Nxd5 11. a4 Bf6 12. axb5 axb5 13. Rxa8 Bxa8 14. Na3 b4
15. Nc4 Re8 16. Ba4 Re6 17. Bxc6 Bxc6 18. Ncxe5 Bb7 19. Ng4 Rxe1+ 20. Qxe1 Be7
21. Nd4 Bc5 22. Nf5 h5 23. Qe5 Bf8 24. Nge3 Ne7 25. Nxe7+ Bxe7 26. Qxh5 b3 27.
Qb5 Qa8 28. cxb3 Qa1 29. Qxb7 Qxc1+ 30. Nf1 Bd6 31. Qc8+ Kh7 32. Qf5+ Kg8 33.
g3 Qxb2 34. Qd5 Qc1 35. Kg2 Bc5 36. Qd8+ Bf8 37. Ne3 Qc6+ 38. Qd5 Qc3 39. Qc4
Qe5 40. Qd5 Qc3 41. h4 Qf6 42. h5 c6 43. Qf5 Qc3 44. h6 gxh6 45. Qg4+ Kh7 46.
Qc4 Qf6 47. Qe4+ Kg8 48. Nf5 c5 49. Ne3 Qc3 50. Nd5 Qxb3 51. Nf6+ Kg7 52. Nh5+
Kg8 53. Qg4+ Kh8 54. Nf6 Qb7+ 55. Kh2 Bg7 56. Ne8 f6 57. Nxg7 Qxg7 58. Qc8+ Kh7
59. Qxc5 Qd7 60. Qe3 Qd5 61. Qe4+ Qxe4 62. dxe4 Kg6 63. Kg2 Kf7 64. Kf3 Ke6 65.
Kf4 h5 66. f3 Kd6 67. Kf5 1-0

[Event "Trophée Roza Lallemand 2013"]
[Site "VILLANDRY"]
[Date "2013.05.12"]
[Round "7.2"]
[White "Safranska, Anda"]
[Black "Collas, Silvia"]
[Result "1-0"]
[WhiteElo "2370"]
[BlackElo "2180"]
[PlyCount "33"]
[EventDate "2013.??.??"]

1. e4 c5 2. g3 Nc6 3. Bg2 g6 4. f4 Bg7 5. Nf3 d6 6. d3 e5 7. c3 Nge7 8. O-O b5
9. fxe5 dxe5 10. Be3 Qd6 11. Na3 Rb8 12. Qe2 O-O 13. Qf2 h6 14. Bxc5 Qxd3 15.
Rad1 Qxe4 16. Nd4 Qg4 17. Nxc6 1-0

[Event "Trophée Roza Lallemand 2013"]
[Site "VILLANDRY"]
[Date "2013.05.12"]
[Round "7.3"]
[White "Wohlers-Armas, Friederike"]
[Black "Leconte, Maria"]
[Result "0-1"]
[WhiteElo "2300"]
[BlackElo "2290"]
[PlyCount "126"]
[EventDate "2013.??.??"]

1. d4 Nf6 2. c4 e6 3. Nc3 Bb4 4. a3 Bxc3+ 5. bxc3 c5 6. e3 O-O 7. Bd3 b6 8. f3
Nc6 9. Ne2 e5 10. O-O Ba6 11. Ng3 d6 12. Ra2 Na5 13. Qe2 Rc8 14. d5 Qd7 15. a4
Qe8 16. e4 Nd7 17. Nf5 Nb7 18. Qf2 f6 19. Qg3 g6 20. Bh6 Rf7 21. Be3 Kh8 22.
Nh6 Rg7 23. Qh3 Na5 24. f4 Bxc4 25. Bxc4 Nxc4 26. Bc1 exf4 27. Rxf4 Qe7 28.
Raf2 Rf8 29. Qe6 Nce5 30. Qh3 c4 31. Rh4 Nd3 32. Rf1 Nxc1 33. Rxc1 Nc5 34. Re1
Nd3 35. Rf1 Qe5 36. Ng4 Qxc3 37. e5 Qd4+ 38. Kh1 dxe5 39. Ne3 Nf4 40. Qf3 Qd3
41. Rd1 Qb3 42. d6 Rd7 43. Qc6 Rfd8 44. Qe4 c3 45. g3 g5 46. Rh6 c2 47. Nxc2
Ng6 48. Ne3 Qf7 49. Nf5 Rc8 50. Rf1 Qc4 51. Qf3 e4 52. Qf2 Qd5 53. Ne7 Rxe7 54.
dxe7 e3+ 55. Qg2 Nxe7 56. Rhxf6 e2 57. Re1 Qxg2+ 58. Kxg2 Nd5 59. Re6 Nc3 60.
Re3 Kg7 61. Kf2 Nd1+ 62. Kxe2 Nxe3 63. Kxe3 Re8+ 0-1

[Event "Trophée Roza Lallemand 2013"]
[Site "VILLANDRY"]
[Date "2013.05.12"]
[Round "7.4"]
[White "Roumegous, Marina"]
[Black "Dacalor, Aurelie"]
[Result "0-1"]
[WhiteElo "2220"]
[BlackElo "1960"]
[PlyCount "44"]
[EventDate "2013.??.??"]

1. d4 Nf6 2. Bg5 d5 3. e3 Bf5 4. Bxf6 exf6 5. c4 Bxb1 6. Qxb1 Bb4+ 7. Kd1 O-O
8. Bd3 h6 9. a3 Be7 10. Nf3 c5 11. Ke2 Nc6 12. cxd5 Qxd5 13. dxc5 Qxc5 14. Rc1
Qb6 15. Kf1 Rad8 16. Qc2 Bd6 17. Be2 Ne5 18. Nd4 Bb8 19. b4 g6 20. Qc3 f5 21.
f4 Nd7 22. Qc5 Nf6 0-1

[Event "Trophée Roza Lallemand 2013"]
[Site "VILLANDRY"]
[Date "2013.05.12"]
[Round "7.5"]
[White "Armas, Lara"]
[Black "Navrotescu, Andreea"]
[Result "0-1"]
[WhiteElo "1960"]
[BlackElo "2150"]
[PlyCount "86"]
[EventDate "2013.??.??"]

1. d4 f5 2. c4 Nf6 3. Nc3 g6 4. f3 Bg7 5. e4 fxe4 6. fxe4 O-O 7. Nf3 d6 8. Be2
Nc6 9. O-O e5 10. d5 Nb8 11. Bg5 a5 12. a3 Na6 13. Rb1 Bd7 14. b4 axb4 15. axb4
Qe7 16. Qd2 c5 17. dxc6 bxc6 18. Rfd1 Be8 19. Qxd6 Qa7+ 20. Kh1 Ng4 21. Qe6+
Bf7 22. Qxg4 h6 23. Bh4 Qe3 24. Rd3 Qb6 25. c5 Qb8 26. Rd6 Nxb4 27. h3 Ra3 28.
Be1 Qa7 29. Rxb4 Qxc5 30. Nb1 Re3 31. Bf2 Qxb4 32. Rd2 Rxe2 33. Rxe2 Qxb1+ 34.
Kh2 Qb5 35. Nh4 h5 36. Qf3 Bc4 37. Re3 Rxf3 38. Rxf3 Be2 39. Re3 Bh6 40. Rc3
Bf4+ 41. g3 Qb2 42. Rxc6 Bf3 43. gxf4 Qxf2+ 0-1

[Event "Trophée Roza Lallemand 2013"]
[Site "VILLANDRY"]
[Date "2013.05.12"]
[Round "8.1"]
[White "Milliet, Sophie"]
[Black "Safranska, Anda"]
[Result "1-0"]
[WhiteElo "2412"]
[BlackElo "2370"]
[PlyCount "121"]
[EventDate "2013.??.??"]

1. e4 g6 2. d4 Bg7 3. Nf3 d6 4. Bc4 e6 5. O-O Ne7 6. a4 O-O 7. c3 h6 8. Re1 a6
9. a5 b5 10. axb6 cxb6 11. Nbd2 Bb7 12. Bb3 b5 13. Nf1 Nd7 14. Ng3 Kh7 15. h4
Ng8 16. Bc2 e5 17. h5 Qe7 18. Bb3 Rac8 19. Bd5 Nb6 20. Bxb7 Qxb7 21. d5 Ra8 22.
Qe2 Nd7 23. Be3 a5 24. Nd2 a4 25. Nb1 Ngf6 26. Na3 Rfb8 27. Nc2 Nc5 28. f3 Nfd7
29. Nb4 Rg8 30. Nc6 Bf6 31. hxg6+ fxg6 32. Nf1 Nb3 33. Rab1 Nb8 34. Nb4 Bd8 35.
Nd2 Nxd2 36. Qxd2 Bb6 37. Bxb6 Qxb6+ 38. Qf2 Nd7 39. Ra1 h5 40. Nc6 Qxf2+ 41.
Kxf2 Nc5 42. Ke3 Kg7 43. Ra3 Raf8 44. Na7 Rb8 45. Nc6 Rbf8 46. Na7 Rb8 47. Nc6
Rb7 48. Na5 Rf7 49. b4 axb3 50. Nxb3 Na4 51. Na5 Rc8 52. Nc6 Nb2 53. Rb3 Nc4+
54. Kd3 Nb6 55. Rxb5 Nd7 56. Ra1 h4 57. Kc4 Rh8 58. Rb7 h3 59. gxh3 Rxh3 60.
Raa7 Rhxf3 61. Rxd7 1-0

[Event "Trophée Roza Lallemand 2013"]
[Site "VILLANDRY"]
[Date "2013.05.12"]
[Round "8.2"]
[White "Leconte, Maria"]
[Black "Bellaiche, Elise"]
[Result "1-0"]
[WhiteElo "2290"]
[BlackElo "2020"]
[PlyCount "67"]
[EventDate "2013.??.??"]

1. e4 c5 2. Nf3 e6 3. d4 cxd4 4. Nxd4 Nf6 5. Nc3 Nc6 6. g3 d5 7. exd5 Nxd5 8.
Bg2 Nxc3 9. bxc3 Nxd4 10. Qxd4 Qc7 11. Bf4 Qc5 12. O-O f6 13. Rfd1 Be7 14. Qa4+
Kf7 15. Rab1 e5 16. Be3 Qc7 17. Bd5+ Kf8 18. Qh4 Rb8 19. Qh5 Bd6 20. c4 g6 21.
Qh4 Qe7 22. c5 Bc7 23. c6 bxc6 24. Rxb8 Bxb8 25. Qh6+ Ke8 26. Bxc6+ Kf7 27. Rb1
Bd6 28. Bd5+ Be6 29. Rb7 Bc7 30. Bxe6+ Kxe6 31. Qh3+ f5 32. Qf1 Qd6 33. Qc4+
Kf6 34. Rxc7 1-0

[Event "Trophée Roza Lallemand 2013"]
[Site "VILLANDRY"]
[Date "2013.05.12"]
[Round "8.3"]
[White "Navrotescu, Andreea"]
[Black "Collas, Silvia"]
[Result "1-0"]
[WhiteElo "2150"]
[BlackElo "2180"]
[PlyCount "75"]
[EventDate "2013.??.??"]

1. d4 Nf6 2. Nf3 e6 3. c4 b6 4. g3 Bb7 5. Bg2 Be7 6. Nc3 d6 7. O-O O-O 8. d5 e5
9. e4 a5 10. Ne1 Re8 11. Nd3 Nbd7 12. f4 exf4 13. gxf4 Bf8 14. Re1 Nc5 15. Nxc5
bxc5 16. e5 Nd7 17. e6 fxe6 18. dxe6 Bxg2 19. Kxg2 Nb6 20. f5 c6 21. Qg4 Ra7
22. Bg5 Be7 23. Bxe7 Qxe7 24. Rad1 Kh8 25. Qf4 d5 26. cxd5 cxd5 27. Nxd5 Nxd5
28. Rxd5 Qb7 29. Qf3 Qxb2+ 30. Re2 Qc1 31. Qh5 Rae7 32. Red2 Qb1 33. Rd8 g6 34.
Qh4 Qb7+ 35. Kf2 gxf5 36. Qf6+ Kg8 37. R2d7 Qe4 38. Rxe8+ 1-0

[Event "Trophée Roza Lallemand 2013"]
[Site "VILLANDRY"]
[Date "2013.05.12"]
[Round "8.4"]
[White "Montpeurt, Cyrielle"]
[Black "Genzling, Sylvie"]
[Result "1-0"]
[WhiteElo "2030"]
[BlackElo "2120"]
[PlyCount "111"]
[EventDate "2013.??.??"]

1. e4 e6 2. d4 d5 3. Nc3 dxe4 4. Nxe4 Be7 5. Nf3 Nf6 6. Nxf6+ Bxf6 7. c3 O-O 8.
Bd3 Nd7 9. Bf4 c5 10. Bd6 Be7 11. Bxe7 Qxe7 12. O-O b6 13. Re1 Bb7 14. Qe2 Nf6
15. Rad1 Rfd8 16. Bc2 cxd4 17. Nxd4 Rd5 18. f4 Qc7 19. Qf2 Rad8 20. Bb3 Rh5 21.
Bxe6 Rxd4 22. Rxd4 fxe6 23. Qe2 h6 24. Qxe6+ Kh7 25. Red1 Qc5 26. Kh1 Bc8 27.
Qf7 Ng4 28. Kg1 Rxh2 29. Re1 Qc6 30. Qd5 Qg6 31. Qe4 Bf5 32. Qe8 Rxg2+ 33. Kf1
Rg1+ 34. Kxg1 Nf6+ 35. Qxg6+ Bxg6 36. Re7 a5 37. Rb7 Bb1 38. Rxb6 Bxa2 39. Rb7
Kg6 40. Ra4 Bd5 41. Rb5 Bc6 42. Rbxa5 Bxa4 43. Rxa4 Kf5 44. Kf2 Ne4+ 45. Ke3
Nf6 46. Ra5+ Kg4 47. b4 h5 48. c4 h4 49. Rg5+ Kh3 50. Rxg7 Ng4+ 51. Rxg4 Kxg4
52. Kf2 Kxf4 53. Kg2 Ke4 54. Kh3 Kd4 55. b5 Kc5 56. Kxh4 1-0

[Event "Trophée Roza Lallemand 2013"]
[Site "VILLANDRY"]
[Date "2013.05.12"]
[Round "8.5"]
[White "Dacalor, Aurelie"]
[Black "Fischer, Julie"]
[Result "0-1"]
[WhiteElo "1960"]
[BlackElo "2110"]
[PlyCount "138"]
[EventDate "2013.??.??"]

1. d4 Nf6 2. c4 c5 3. d5 b5 4. cxb5 a6 5. bxa6 g6 6. Nc3 Bxa6 7. e4 Bxf1 8.
Kxf1 d6 9. h3 Bg7 10. Nge2 O-O 11. Kg1 Qa5 12. Kh2 Nbd7 13. Qc2 Rfb8 14. Rd1
Nb6 15. Rb1 Na4 16. Bd2 Nd7 17. a3 Ne5 18. b4 cxb4 19. axb4 Qa7 20. Qxa4 Qxa4
21. Nxa4 Rxa4 22. Be1 Nc4 23. Nd4 Rba8 24. Nc6 Kf8 25. Rdc1 Na3 26. Rb3 Nb5 27.
Na5 Ke8 28. Kg3 Nd4 29. Re3 Bh6 30. Rc7 Bxe3 31. fxe3 Nb5 32. Rb7 Na7 33. Kf4
f6 34. g4 Ra1 35. Bc3 Rf1+ 36. Kg3 Rc1 37. Bd4 Nc8 38. Nc6 e5 39. Bb2 Rc2 40.
Rxh7 Rxb2 41. Rh8+ Kf7 42. Rh7+ Kg8 43. Rc7 Rb3 44. Rxc8+ Rxc8 45. Ne7+ Kf7 46.
Nxc8 Rxb4 47. Nxd6+ Ke7 48. Nc8+ Kd7 49. Na7 Rxe4 50. Kf3 f5 51. gxf5 gxf5 52.
Nb5 Rb4 53. Nc3 Kd6 54. Ne2 Rb3 55. Kf2 Kxd5 56. h4 Rb2 57. h5 Ke6 58. Kf3 e4+
59. Kf2 Kf6 60. Kf1 Kg5 61. Nd4 Rh2 62. Kg1 Rxh5 63. Kg2 Kg4 64. Ne6 Rh6 65.
Nf4 Ra6 66. Ne2 Ra2 67. Kf2 Rxe2+ 68. Kxe2 Kg3 69. Ke1 Kf3 0-1

[Event "Trophée Roza Lallemand 2013"]
[Site "VILLANDRY"]
[Date "2013.05.12"]
[Round "9.1"]
[White "Fischer, Julie"]
[Black "Milliet, Sophie"]
[Result "0-1"]
[WhiteElo "2110"]
[BlackElo "2412"]
[PlyCount "52"]
[EventDate "2013.??.??"]

1. e4 d6 2. d4 Nf6 3. Nc3 Nbd7 4. f4 e5 5. dxe5 dxe5 6. Nf3 Bd6 7. fxe5 Nxe5 8.
Be2 O-O 9. Bg5 h6 10. Bh4 Nxf3+ 11. Bxf3 Be5 12. O-O c6 13. Qe2 Qb6+ 14. Kh1
Qxb2 15. Nd5 cxd5 16. exd5 Qxa1 17. Rxa1 Bxa1 18. d6 Bd7 19. Qd1 Be5 20. Bxb7
Rab8 21. Bf3 Rb6 22. Bf2 Rxd6 23. Qe1 Re8 24. Bc5 Bd4 25. Qxe8+ Nxe8 26. Bxd6
Nxd6 0-1

[Event "Trophée Roza Lallemand 2013"]
[Site "VILLANDRY"]
[Date "2013.05.12"]
[Round "9.2"]
[White "Safranska, Anda"]
[Black "Leconte, Maria"]
[Result "0-1"]
[WhiteElo "2370"]
[BlackElo "2290"]
[PlyCount "82"]
[EventDate "2013.??.??"]

1. e4 c5 2. g3 Nc6 3. Bg2 g6 4. f4 Bg7 5. Nf3 d6 6. d3 e6 7. O-O Nge7 8. c3 O-O
9. Be3 b6 10. Bf2 d5 11. e5 f6 12. exf6 Bxf6 13. Re1 Qc7 14. Na3 Bd7 15. Qe2
Rae8 16. Nc2 Nc8 17. Ne5 Nxe5 18. fxe5 Bg7 19. d4 Ne7 20. g4 Rf7 21. Rf1 Ref8
22. Bh4 a6 23. Rxf7 Rxf7 24. Ne3 Nc6 25. Qd2 cxd4 26. cxd4 b5 27. Bg3 Qb6 28.
Rd1 Bh6 29. Bf2 Bf4 30. Qd3 Kg7 31. a3 Bxh2+ 32. Kxh2 Rxf2 33. b4 Rf4 34. Nc2
Qd8 35. Kg3 Qg5 36. Bf3 h5 37. Qe3 Ne7 38. Kh2 hxg4 39. Bh1 Nf5 40. Qe1 g3+ 41.
Kg1 Rf2 0-1

[Event "Trophée Roza Lallemand 2013"]
[Site "VILLANDRY"]
[Date "2013.05.12"]
[Round "9.3"]
[White "Navrotescu, Andreea"]
[Black "Montpeurt, Cyrielle"]
[Result "0-1"]
[WhiteElo "2150"]
[BlackElo "2030"]
[PlyCount "74"]
[EventDate "2013.??.??"]

1. d4 Nf6 2. Nf3 g6 3. c4 c5 4. d5 e6 5. Nc3 exd5 6. cxd5 d6 7. Nd2 Nbd7 8. e4
Bg7 9. Be2 O-O 10. O-O Re8 11. a4 a6 12. f4 c4 13. Bxc4 Nc5 14. Qc2 Ng4 15. Nf3
Qb6 16. Kh1 Bxc3 17. bxc3 Nxe4 18. Nd4 Bf5 19. Qb2 Qc5 20. Qb4 Rac8 21. Qxc5
Rxc5 22. Ba2 Nxc3 23. Nxf5 gxf5 24. Ba3 Rcc8 25. Bb3 Ne4 26. Rfc1 Ngf2+ 27. Kg1
Nd3 28. Rf1 Rc3 29. Bd1 Nd2 30. Bf3 Nxf1 31. Kxf1 Rxa3 32. Rb1 Rxa4 33. g3 Rb4
34. Rd1 Nc5 35. Ra1 Rb2 36. h3 Nd3 37. Bg2 Ree2 0-1

[Event "Trophée Roza Lallemand 2013"]
[Site "VILLANDRY"]
[Date "2013.05.12"]
[Round "9.4"]
[White "Malassagne, Isabelle"]
[Black "Bollengier, Andreea"]
[Result "0-1"]
[WhiteElo "1930"]
[BlackElo "2210"]
[PlyCount "64"]
[EventDate "2013.??.??"]

1. d4 d5 2. c4 dxc4 3. e4 Nf6 4. e5 Nd5 5. Bxc4 Bf5 6. Ne2 e6 7. a3 Qd7 8. O-O
Nb6 9. Bb3 Nc6 10. Nbc3 O-O-O 11. Be3 Be7 12. Rc1 Kb8 13. Ba2 f6 14. exf6 gxf6
15. b4 Bd6 16. Nb5 Nxb4 17. Nxd6 Nxa2 18. Ra1 Qxd6 19. Rxa2 Rhg8 20. Ng3 Qd5
21. Rb2 Bg4 22. Qc1 h5 23. f3 h4 24. fxg4 hxg3 25. h3 Nc4 26. Rb4 Nxe3 27. Qxe3
f5 28. gxf5 exf5 29. Rfb1 b6 30. Rf1 a5 31. Rb3 Rde8 32. Qf4 Qxb3 0-1

[Event "Trophée Roza Lallemand 2013"]
[Site "VILLANDRY"]
[Date "2013.05.12"]
[Round "9.5"]
[White "Collas, Silvia"]
[Black "Armas, Lara"]
[Result "1-0"]
[WhiteElo "2180"]
[BlackElo "1960"]
[PlyCount "87"]
[EventDate "2013.??.??"]

1. d4 Nf6 2. Nf3 e6 3. e3 c5 4. Bd3 d6 5. O-O Be7 6. b3 Nbd7 7. Bb2 O-O 8. c4
b6 9. Nc3 Bb7 10. Rc1 Rc8 11. Bb1 Re8 12. d5 e5 13. Ne1 Nf8 14. f4 N6d7 15. Ne4
f5 16. Ng3 g6 17. Nxf5 gxf5 18. Bxf5 Bf6 19. Qg4+ Bg7 20. Nf3 Rc7 21. Ng5 Nf6
22. Qh3 Bc8 23. fxe5 dxe5 24. Ne6 Bxe6 25. dxe6 Ng6 26. Rcd1 Qe7 27. g4 Rd8 28.
g5 Ne8 29. Qg4 Rxd1 30. Rxd1 Nd6 31. e4 Nf8 32. h4 Rc8 33. h5 Re8 34. h6 Bh8
35. g6 hxg6 36. Bxg6 Rd8 37. Bf7+ Kh7 38. Rxd6 Rxd6 39. Qf5+ Kxh6 40. Qh5+ Kg7
41. Bxe5+ Qf6 42. Bxf6+ Kxf6 43. Qxh8+ Ke7 44. Qh4# 1-0